LEADER 02258nam 2200385 450 001 9910466364103321 010 $a1-61537-181-8 035 $a(CKB)4100000004821525 035 $a(MiAaPQ)EBC5400327 035 $a(EXLCZ)994100000004821525 100 $a20180616d2018 uy 0 101 0 $aeng 135 $aurcnu|||||||| 181 $ctxt$2rdacontent 182 $cc$2rdamedia 183 $acr$2rdacarrier 200 10$aPsychodynamic therapy for personality pathology $etreating self and interpersonal functioning /$fEve Caligor [and three others] 205 $aFirst edition. 210 1$aWashington, DC :$cAmerican Psychiatric Association Publishing,$d[2018] 210 4$dİ2018 215 $a1 online resource (622 pages) 311 $a1-58562-459-4 320 $aIncludes bibliographical references and index. 327 $aIntroduction : a model of treatment targeting self and interpersonal functioning -- Personality and personality disorders within the framework of object relations theory -- Clinical psychodynamics within the framework of object relations theory : conflict, anxiety, defense, and internal object relations -- Basic tasks and elements of treatment -- The therapeutic relationship : the therapist's attitude and stance, the therapeutic alliance, transference, and countertransference -- Strategies of treatment and mechanisms of change -- Patient assessment and treatment planning -- Establishing the treatment frame -- Essential treatment contracting : behaviors, adjunctive treatments, and medication -- Identifying a focus for intervention -- Intervening I : exploratory interventions and the interpretive process -- Intervening II : transference analysis and tactics guiding the interpretive process -- Intervening III : integrating supportive and exploratory interventions -- Early, middle, and advanced phases of treatment -- Afterword. 608 $aElectronic books. 676 $a616.89/14 700 $aCaligor$b Eve$f1956-$0328558 712 02$aAmerican Psychiatric Association Publishing, 801 0$bMiAaPQ 801 1$bMiAaPQ 801 2$bMiAaPQ 906 $aBOOK 912 $a9910466364103321 996 $aPsychodynamic therapy for personality pathology$92212750 997 $aUNINA LEADER 03405nam 2200697 450 001 9910464127503321 005 20211015215854.0 010 $a3-11-090243-5 024 7 $a10.1515/9783110902433 035 $a(CKB)3390000000034312 035 $a(SSID)ssj0000849329 035 $a(PQKBManifestationID)11453901 035 $a(PQKBTitleCode)TC0000849329 035 $a(PQKBWorkID)10829013 035 $a(PQKB)10554069 035 $a(MiAaPQ)EBC3042914 035 $a(DE-B1597)56365 035 $a(OCoLC)979606052 035 $a(DE-B1597)9783110902433 035 $a(Au-PeEL)EBL3042914 035 $a(CaPaEBR)ebr10755089 035 $a(OCoLC)922945946 035 $a(EXLCZ)993390000000034312 100 $a20040819d2004 uy 0 101 0 $aeng 135 $aurcnu|||||||| 181 $ctxt 182 $cc 183 $acr 200 10$aIdentity and marginality among new Australians $ereligion and ethnicity in Victoria's Slavic Baptist community /$fViktor Zander 205 $aReprint 2012 210 1$aBerlin ;$aNew York :$cWalter de Gruyter,$d[2004] 210 4$dİ2004 215 $a1 online resource (345 pages) $cillustrations 225 1 $aReligion and society ;$vv. 39 300 $aBibliographic Level Mode of Issuance: Monograph 311 0 $a3-11-017981-4 320 $aIncludes bibliographical references (pages [309]-317) and indexes. 327 $tFront matter --$tForeword /$rDonskikh, Oleg --$tAcknowledgements --$tContents --$tList of Tables --$tIntroduction --$tCHAPTER 1: Theoretical and Methodological Approach to Identity and Marginality and Its Application to the Slavic Baptist Community --$tCHAPTER 2: Principles of Formation of the Main Groups within the Slavic Baptist Community and Their Description --$tCHAPTER 3: Basic Attitudes to Ethnic and Religious Issues as Pointers to Identity and Marginality --$tCHAPTER 4: Objectification: The Image and Understanding of God in the Identification Process --$tCHAPTER 5: Ritual: Participation in Church Activities As a Manifestation of Religiosity --$tCHAPTER 6: Identity and Marginality Unveiled through Commitment to the Ethnic Church --$tCHAPTER 7: Identity and Marginality in the Light of Theory and Data --$tAPPENDIX 1: Concise History of Russian Protestantism: The Origin of Religious Marginality --$tAPPENDIX 2: Tables with Data from Interviews --$tAPPENDIX 3: Interview of a First-wave Immigrants' Child --$tBibliography --$tIndex of Names and Subjects --$tIndex of Modern Authors 410 0$aReligion and society (Hague, Netherlands) ;$v39. 606 $aBaptists$zAustralia$zVictoria$xHistory 606 $aEmigration and immigration$xReligious aspects 606 $aIdentification (Religion) 606 $aImmigrants$xReligious life$zAustralia 606 $aMarginality, Social$zAustralia 607 $aAustralia$xChurch history 608 $aElectronic books. 615 0$aBaptists$xHistory. 615 0$aEmigration and immigration$xReligious aspects. 615 0$aIdentification (Religion) 615 0$aImmigrants$xReligious life 615 0$aMarginality, Social 676 $a305.6/861945/089917 700 $aZander$b Viktor$01056470 801 0$bMiAaPQ 801 1$bMiAaPQ 801 2$bMiAaPQ 906 $aBOOK 912 $a9910464127503321 996 $aIdentity and marginality among new Australians$92490857 997 $aUNINA